[Event "URS-ch sf"]
[Site "Daugavpils"]
[Date "1978.??.??"]
[Round "?"]
[White "Dolmatov, Sergey"]
[Black "Katalymov, Boris N"]
[Result "1-0"]
[WhiteElo "2495"]
[BlackElo "2200"]

1. e4 e5 2. Nf3 Nc6 3. Bc4 Nf6 4. d3 Bc5 5. c3 d6 6. O-O Qe7 7. Nbd2 a6 8. Re1  h5 9. Nf1 Be6 10. b4 Ba7 11. Bxe6 fxe6 12. Bg5 Qf7 13. Qd2 O-O-O 14. a4 Ng4 15.  Ne3 Rdf8 16. b5 Nb8 17. d4 Nxe3 18. Bxe3 Qg6 19. dxe5 Bxe3 20. Qxe3 dxe5 21.  Nxe5 Qf6 22. Nc4 Qf4 23. Qxf4 Rxf4 24. Ne5 Rd8 25. f3 Rff8 26. Red1 g5 27. Kf2  a5 28. Ke3 Nd7 29. Nxd7 Rxd7 30. Rxd7 Kxd7 31. Rd1+ Ke7 32. g3 e5 33. c4 Ke6  34. c5 Rh8 35. Rd5 Rf8 36. h4 gxh4 37. f4 exf4+ 38. gxf4 Rh8 39. f5+ Ke7 40.  Kf4 Rg8 41. Ke5 Rg4 42. f6+ Ke8 43. Rd3 1-0

[Event "URS-ch sf"]
[Site "Daugavpils"]
[Date "1978.??.??"]
[Round "?"]
[White "Dolmatov, Sergey"]
[Black "Magerramov, Elmar"]
[Result "1/2-1/2"]
[WhiteElo "2495"]
[BlackElo "2435"]

1. e4 c5 2. Nf3 e6 3. b3 Nc6 4. Bb5 Qf6 5. Nc3 Nd4 6. Nxd4 cxd4 7. Nb1 Qg5 8.  Bf1 Nf6 9. d3 Bb4+ 10. Bd2 Bxd2+ 11. Qxd2 Qc5 12. Be2 O-O 13. c3 d5 14. cxd4  Qxd4 15. Qc3 Qb6 16. Nd2 Bd7 17. O-O Bc6 18. Bf3 Rfd8 19. e5 d4 20. Qb2 Nd5 21.  Nc4 Qc5 22. Bxd5 Qxd5 23. f4 b5 24. Na5 Rac8 25. Nxc6 Qxc6 26. Rac1 Qb6 27. Kh1  h6 28. b4 Rc3 29. Rxc3 dxc3 30. Qxc3 Qd4 31. Qxd4 Rxd4 32. g3 Rxb4 33. Kg2 a5  34. Rf2 a4 35. Rc2 a3 36. Rc8+ Kh7 37. Rb8 Rb1 38. Kh3 b4 39. Ra8 h5 40. Ra4  Rb2 41. Kh4 Rxa2 42. Rxb4 Rxh2+ 43. Kg5 h4 44. Kg4 a2 45. Ra4 hxg3 46. Kxg3 Rd2  47. Kg4 f5+ 48. exf6 gxf6 49. Ra7+ Kh6 50. Kh4 Kg6 51. Kg4 Kh6 52. Kh4 f5 53.  Kg3 Rxd3+ 54. Kf2 Rd2+ 55. Kg3 Rb2 56. Kf3 Rb3+ 57. Kf2 Kh5 58. Rxa2 Kg4 59.  Ra6 Kxf4 60. Rxe6 Rb2+ 61. Kg1 Kf3 62. Re5 f4 63. Re8 Rb1+ 64. Kh2 Rb4 65. Re7  Re4 66. Ra7 Ke3 67. Kg2 1/2-1/2

[Event "URS-ch sf"]
[Site "Daugavpils"]
[Date "1978.??.??"]
[Round "?"]
[White "Dolmatov, Sergey"]
[Black "Palatnik, Semon"]
[Result "0-1"]
[WhiteElo "2495"]
[BlackElo "2490"]

1. e4 c5 2. Nf3 Nf6 3. Nc3 d6 4. d4 cxd4 5. Nxd4 a6 6. f4 e6 7. Be2 Qc7 8. O-O  Be7 9. Bf3 O-O 10. a4 Nc6 11. Nb3 b6 12. Be3 Rb8 13. Qe2 Nd7 14. g4 Nc5 15. g5  Re8 16. Bg2 Nb4 17. Nd4 e5 18. fxe5 dxe5 19. Nf5 Bf8 20. Qf2 Be6 21. Kh1 Bc4  22. Rg1 Ne6 23. Nd5 Bxd5 24. exd5 Nf4 25. Be4 g6 26. Nh6+ Bxh6 27. gxh6 Nbxd5  28. Bd2 Nf6 29. Bf3 Qxc2 30. Rac1 Qf5 31. Bc6 Ne4 32. Qe3 Nxd2 33. Qxd2 Red8  34. Qe3 Qh5 35. Rc2 Rd3 36. Qe1 Rbd8 37. Be4 R3d4 0-1

[Event "URS-ch sf"]
[Site "Daugavpils"]
[Date "1978.??.??"]
[Round "?"]
[White "Eingorn, Vereslav S"]
[Black "Gofshtein, Leonid"]
[Result "1/2-1/2"]
[WhiteElo "2270"]
[BlackElo "2400"]

1. d4 d5 2. c4 c6 3. Nc3 Nf6 4. Bg5 dxc4 5. a4 Qa5 6. Bd2 e5 7. Nf3 exd4 8.  Nxd4 Qe5 9. e3 Bc5 10. Nf3 Qe6 11. Qe2 Na6 1/2-1/2

[Event "URS-ch sf"]
[Site "Daugavpils"]
[Date "1978.??.??"]
[Round "?"]
[White "Eingorn, Vereslav S"]
[Black "Lerner, Konstantin Z"]
[Result "1/2-1/2"]
[WhiteElo "2270"]
[BlackElo "2445"]

1. d4 Nf6 2. c4 e6 3. Nf3 d5 4. Bg5 Be7 5. Nc3 O-O 6. e3 h6 7. Bxf6 Bxf6 8. Rc1  c6 9. Bd3 Nd7 10. O-O a6 11. Qe2 dxc4 12. Bxc4 b5 13. Bd3 c5 14. dxc5 Nxc5 15.  Bb1 Rb8 16. b4 Nd7 17. Rfd1 Qe7 18. Ne4 Nb6 19. Nxf6+ Qxf6 20. Qd3 g6 21. Qd6  Bb7 22. Ne5 Qg5 23. e4 Nc4 24. Nxc4 bxc4 25. Qd4 Rbc8 26. Qc3 Rfd8 27. Bc2 e5  28. Rb1 Rxd1+ 29. Rxd1 Qf4 30. f3 Qf6 31. Rd7 Bc6 32. Rd2 Bb7 33. Bd1 Qb6+ 34.  Kf1 Qf6 35. Kg1 Qb6+ 36. Kh1 Rd8 37. Rxd8+ Qxd8 38. Be2 Bc6 39. h3 Bb5 40. a4  Bxa4 41. Bxc4 Qc7 1/2-1/2

[Event "URS-ch sf"]
[Site "Daugavpils"]
[Date "1978.??.??"]
[Round "?"]
[White "Eingorn, Vereslav S"]
[Black "Shereshevsky, Yakov I"]
[Result "1-0"]
[WhiteElo "2270"]
[BlackElo "2460"]

1. Nf3 b6 2. e4 Bb7 3. Nc3 e6 4. d4 Bb4 5. Bd3 Nf6 6. Qe2 d5 7. exd5 Nxd5 8.  Bd2 Nxc3 9. bxc3 Be7 10. O-O Nd7 11. a4 a5 12. Rfe1 O-O 13. Be4 Qc8 14. Rab1  Bf6 15. c4 Ra7 16. Qd3 Bxe4 17. Qxe4 Qa8 18. Qxa8 Raxa8 19. Bf4 Rac8 20. Rb5  Rfd8 21. Kf1 Be7 22. c3 Bd6 23. Bg3 Kf8 24. Ng5 h6 25. Ne4 Bxg3 26. hxg3 c6 27.  Rb2 Ke7 28. f4 Rb8 29. g4 g6 30. f5 gxf5 31. gxf5 exf5 32. Ng3+ Kf6 33. Rf2 Re8  34. Nxf5 Rxe1+ 35. Kxe1 Re8+ 36. Kd2 Kg6 37. Nd6 Re7 38. Kd3 c5 39. Rf1 f6 40.  Nf5 Re6 41. Ne3 h5 42. Rf3 Nf8 43. Nd5 Kf7 44. Rh3 Re1 45. Rxh5 cxd4 46. cxd4  Rd1+ 47. Ke3 Nd7 48. Rh7+ Ke8 49. Re7+ Kd8 50. Rg7 Kc8 51. g4 Ra1 52. Ke4 Rf1  53. Nc3 1-0

[Event "URS-ch sf"]
[Site "Daugavpils"]
[Date "1978.??.??"]
[Round "?"]
[White "Eingorn, Vereslav S"]
[Black "Vorotnikov, Vladislav V"]
[Result "0-1"]
[WhiteElo "2270"]
[BlackElo "2410"]

1. d4 d5 2. c4 dxc4 3. Nf3 a6 4. e4 b5 5. a4 Bb7 6. b3 e6 7. bxc4 bxc4 8. Bxc4  Nf6 9. e5 Nd5 10. O-O Nc6 11. Bg5 Be7 12. Bxe7 Ncxe7 13. Nbd2 O-O 14. a5 Nf5  15. Re1 Qe7 16. Qb3 Rfb8 17. Rab1 Qd8 18. Qa3 Nf4 19. Qc5 Nh4 20. Bf1 Nh3+ 21.  Kh1 Nxf2+ 22. Kg1 Nh3+ 23. Kh1 Bxf3 24. Nxf3 Nf2+ 25. Kg1 Ne4 26. Qc2 Nxf3+ 27.  gxf3 Qg5+ 28. Kh1 Rxb1 29. Rxb1 Nd2 30. Rd1 Nxf1 31. Rxf1 h5 32. f4 Qd8 33. Qc6  Rb8 34. f5 exf5 35. e6 Rb5 36. Rg1 fxe6 37. Qxe6+ Kh8 38. Rg2 Rxa5 39. h3 Ra1+  40. Kh2 Qd6+ 41. Qxd6 cxd6 42. Rg6 Kh7 43. Rxd6 h4 44. Kg2 Ra3 45. Rc6 Rd3 46.  Rxa6 Rxd4 47. Kf3 g6 48. Ra8 Kh6 49. Rh8+ Kg5 50. Kg2 Rd2+ 51. Kg1 Kf4 0-1

[Event "URS-ch sf"]
[Site "Daugavpils"]
[Date "1978.??.??"]
[Round "?"]
[White "Faibisovich, Vadim Z"]
[Black "Alburt, Lev O"]
[Result "0-1"]
[WhiteElo "2460"]
[BlackElo "2510"]

1. Nf3 Nf6 2. b3 c5 3. Bb2 Nc6 4. e3 g6 5. Nc3 d6 6. Bc4 Bg7 7. Nd5 Nh5 8. Bxg7  Nxg7 9. O-O O-O 10. d4 cxd4 11. Nxd4 e6 12. Nxc6 bxc6 13. Nc3 Qe7 14. Be2 e5  15. Na4 Rd8 16. Qd2 e4 17. f3 exf3 18. Bxf3 d5 19. Qc3 Nf5 20. Rae1 Ba6 21. Rf2  Bb5 22. e4 Re8 23. Nb2 c5 24. Nd3 Bxd3 25. Qxd3 Rad8 26. Rff1 c4 27. bxc4 Qc5+  28. Kh1 dxc4 29. Qc3 Nd4 30. Rb1 Nc6 31. Qf6 Re6 32. Qh4 Re7 33. Rbd1 Rd4 34.  Rxd4 Nxd4 35. Qf2 Qe5 36. Rd1 Nc6 37. h3 Rb7 38. c3 Kg7 39. Qd2 Rb6 40. Rf1 Qg3  41. Qe1 Qxe1 42. Rxe1 Ne5 43. Ra1 Kf6 44. Bd1 Nd3 45. Ba4 Nf2+ 46. Kh2 Nxe4 47.  Rf1+ Ke6 48. Re1 f5 49. Bc2 Ke5 50. Bxe4 fxe4 51. Rd1 Rd6 52. Rxd6 Kxd6 53. Kg3  Ke5 54. Kf2 h5 55. Kg3 Kf5 0-1

[Event "URS-ch sf"]
[Site "Daugavpils"]
[Date "1978.??.??"]
[Round "?"]
[White "Faibisovich, Vadim Z"]
[Black "Arbakov, Valentin"]
[Result "1-0"]
[WhiteElo "2460"]
[BlackElo "2200"]

1. e4 c5 2. Nf3 Nc6 3. Bb5 g6 4. O-O Bg7 5. c3 Nf6 6. Re1 a6 7. Bxc6 dxc6 8. h3  O-O 9. d4 Nd7 10. Bg5 h6 11. Be3 cxd4 12. cxd4 c5 13. Nc3 cxd4 14. Bxd4 e5 15.  Be3 Nb8 16. Qc1 Kh7 17. Rd1 Bd7 18. Nd5 Nc6 19. Nb6 Nd4 20. Bxd4 exd4 21. Nxa8  Bc6 22. Qf4 g5 23. Qf5+ Kg8 24. Ne5 Bb5 25. a4 Be2 26. Rd2 d3 27. Nd7 Re8 28.  Nab6 Re6 29. a5 Qc7 30. e5 Rc6 31. Nd5 1-0

[Event "URS-ch sf"]
[Site "Daugavpils"]
[Date "1978.??.??"]
[Round "?"]
[White "Faibisovich, Vadim Z"]
[Black "Leibovich, D."]
[Result "1-0"]
[WhiteElo "2460"]
[BlackElo "2200"]

1. e4 e5 2. Nf3 Nc6 3. Bb5 Nf6 4. O-O Nxe4 5. d4 Be7 6. Qe2 Nd6 7. Bxc6 bxc6 8.  dxe5 Nb7 9. c4 O-O 10. Nc3 f6 11. Be3 Qe8 12. Bd4 Qh5 13. Rfe1 fxe5 14. Nxe5  Qxe2 15. Rxe2 Bf6 16. Nf3 Bd8 17. Ne5 Bf6 18. c5 Nd8 19. Nf3 Ne6 20. Bxf6 Rxf6  21. Ne4 Rf5 22. Rc1 Rb8 23. Rc3 Rd5 24. h4 Ba6 25. Ree3 Rxb2 26. Ra3 Rd1+ 27.  Kh2 Bc4 28. Ne5 Bd5 29. Rxa7 Bxe4 30. Ra8+ Nf8 31. Rxe4 Rxf2 32. Nf3 Rd5 33.  Rf4 1-0

[Event "URS-ch sf"]
[Site "Daugavpils"]
[Date "1978.??.??"]
[Round "?"]
[White "Faibisovich, Vadim Z"]
[Black "Panchenko, Alexander N"]
[Result "0-1"]
[WhiteElo "2460"]
[BlackElo "2495"]

1. Nf3 Nf6 2. b3 d5 3. Bb2 e6 4. e3 Bd6 5. d4 Nbd7 6. Nbd2 Qe7 7. Ne5 Ba3 8.  Bxa3 Qxa3 9. Nxd7 Bxd7 10. Bd3 c5 11. dxc5 Qxc5 12. O-O O-O 13. e4 e5 14. exd5  Nxd5 15. Nc4 Rae8 16. Re1 Nf6 17. Nd6 Re6 18. Ne4 Nxe4 19. Bxe4 Bc6 20. Bxc6  Rxc6 21. c4 Rd6 22. Qf3 Rd2 23. Qe3 Qxe3 24. Rxe3 f6 25. Kf1 Rfd8 26. Re2 R2d4  27. Rc1 Kf7 28. Rce1 Ke6 29. Re4 Rxe4 30. Rxe4 f5 31. Rh4 Rd1+ 32. Ke2 Ra1 33.  Rxh7 Rxa2+ 34. Ke1 Kf6 35. Rh8 Rb2 36. Rf8+ Kg6 37. Re8 Kf6 38. Rf8+ Kg6 39.  Re8 e4 40. Re6+ Kg5 41. Re7 Rxb3 42. Rxg7+ Kf4 43. Rg8 Rb1+ 44. Ke2 Rb2+ 45.  Ke1 a5 46. g3+ Kf3 47. Rf8 Kg4 48. Ra8 Ra2 49. Rb8 Kf3 50. Rf8 Kg4 51. Rb8 Kf3  52. Rf8 a4 53. Rxf5+ Kg2 54. g4 a3 0-1

[Event "URS-ch sf"]
[Site "Daugavpils"]
[Date "1978.??.??"]
[Round "?"]
[White "Faibisovich, Vadim Z"]
[Black "Vorotnikov, Vladislav V"]
[Result "1-0"]
[WhiteElo "2460"]
[BlackElo "2410"]

1. e4 e5 2. Nf3 Nc6 3. Bb5 a6 4. Ba4 d6 5. O-O Bg4 6. h3 h5 7. Bxc6+ bxc6 8. d4  Qf6 9. Nbd2 Be6 10. Nb3 Qg6 11. Qd3 Be7 12. dxe5 Bxh3 13. Nh4 Bxh4 14. Qxh3 Be7  15. Bf4 Nh6 16. Rfe1 Ng4 17. exd6 cxd6 18. Rad1 O-O 19. Nd4 Rfe8 20. Nxc6 d5  21. Nxe7+ Rxe7 22. Rxd5 Rxe4 23. Be3 f5 24. Qf3 f4 25. Bd2 Rxe1+ 26. Bxe1 Re8  27. Rd1 Kh8 28. Qxf4 Qxc2 29. Qd2 Qc7 30. g3 Qb7 31. Qg5 Re5 32. Qd8+ Kh7 33.  Qd3+ Kh8 34. Bc3 Qf7 35. Rd2 Re1+ 36. Kg2 Qb7+ 37. Qd5 Qxd5+ 38. Rxd5 Re2 39.  Rxh5+ Kg8 40. Kf3 1-0

[Event "URS-ch sf"]
[Site "Daugavpils"]
[Date "1978.??.??"]
[Round "?"]
[White "Faibisovich, Vadim Z"]
[Black "Zhidkov, Valery S"]
[Result "1-0"]
[WhiteElo "2460"]
[BlackElo "2520"]

1. d4 Nf6 2. Nf3 g6 3. g3 Bg7 4. Bg2 O-O 5. O-O d6 6. Nc3 d5 7. Ne5 c6 8. Bg5  Bf5 9. f3 Nfd7 10. Nxd7 Nxd7 11. e4 Be6 12. exd5 cxd5 13. Ne2 Nb6 14. b3 Rc8  15. Qd2 Re8 16. c3 Bd7 17. a4 a5 18. Be3 Bc6 19. Nf4 Nd7 20. Nd3 b6 21. f4 e6  22. Ne5 Ba8 23. Rac1 Nf6 24. g4 Rf8 25. f5 exf5 26. gxf5 Ne4 27. Bxe4 dxe4 28.  fxg6 hxg6 29. Qf2 Qd5 30. c4 Qe6 31. Qg3 Rcd8 32. Rcd1 Bb7 33. Ng4 Rfe8 34. d5  Qd6 35. Qf2 f5 36. Nh6+ Bxh6 37. Bxh6 Rd7 38. Be3 Rf7 39. Qg3 Qxg3+ 40. hxg3  Rf6 41. Kf2 Bc8 42. Rh1 f4 43. gxf4 Bg4 44. Rdg1 Bf3 45. Rh6 Kg7 46. Bd4 Kxh6  47. Bxf6 Bh5 48. Ke3 1-0

[Event "URS-ch sf"]
[Site "Daugavpils"]
[Date "1978.??.??"]
[Round "?"]
[White "Fokin, Sergey"]
[Black "Klovans, Janis"]
[Result "0-1"]
[WhiteElo "2200"]
[BlackElo "2490"]

1. d4 Nf6 2. c4 e6 3. g3 d5 4. Bg2 Nbd7 5. Nf3 dxc4 6. O-O Rb8 7. a4 b6 8. Qc2  Bb7 9. Qxc4 c5 10. Nc3 Rc8 11. a5 cxd4 12. Qxd4 Bc5 13. Qa4 Bc6 14. Qa2 b5 15.  Bd2 O-O 16. Rfd1 Qe7 17. Be1 Rfd8 18. Ng5 Bxg2 19. Kxg2 Ne5 20. Rxd8+ Rxd8 21.  a6 Qd7 22. Qb1 Qc6+ 23. Kg1 Rd4 24. Qc1 h6 25. Nh3 Bb6 26. b3 Neg4 27. Nf4 e5  28. Ng2 Qd7 29. Qc2 e4 30. Rd1 Qf5 31. Nh4 Qc8 32. Qb1 g5 33. Rxd4 Bxd4 34.  Nxb5 Bb6 35. Nd6 Qxa6 36. Nhf5 Qxe2 37. Nxh6+ Nxh6 38. Qc1 e3 39. Qc8+ Kh7 0-1

[Event "URS-ch sf"]
[Site "Daugavpils"]
[Date "1978.??.??"]
[Round "?"]
[White "Fokin, Sergey"]
[Black "Krivonosov, Oleg"]
[Result "1-0"]
[WhiteElo "2200"]
[BlackElo "2200"]

1. d4 Nf6 2. c4 c5 3. Nf3 g6 4. Nc3 Bg7 5. e4 O-O 6. d5 d6 7. h3 b5 8. cxb5 a6  9. a4 axb5 10. Bxb5 Na6 11. O-O Nc7 12. Bf4 Nxb5 13. axb5 Bb7 14. Qb3 Nd7 15.  Nd2 Nb6 16. Nc4 Nxc4 17. Qxc4 Ra5 18. b4 cxb4 19. Qxb4 Rxa1 20. Rxa1 Qc7 21.  Rc1 Rc8 22. Ne2 Qd7 23. Rxc8+ Qxc8 24. Nd4 Bxd4 25. Qxd4 f6 26. Bd2 Qc2 27. b6  Kf7 28. Be3 h5 29. h4 Qb1+ 30. Kh2 Qc2 31. Qb4 Qc8 32. f3 Qc2 33. Qa3 Qc4 34.  Bf2 Qc2 35. Qe3 Qc8 36. Kg3 Ba6 37. Be1 Bb7 38. Qh6 Qf8 39. Qe3 Qc8 40. Bd2 Ba6  41. Kf2 Bb7 42. Be1 Qc2+ 43. Kg3 Qc8 44. Kh2 Ba6 45. Ba5 Bb7 46. Qh6 Qf8 47.  Qc1 Qc8 48. Qc7 Qxc7 49. bxc7 Bc8 50. Kg3 Ke8 51. Kf4 Kf7 52. g4 Bd7 53. g5 Kf8  54. Bc3 f5 55. e5 dxe5+ 56. Kxe5 f4 57. d6 Bf5 58. Bb4 exd6+ 59. Kxd6 Bc8 60.  Kc6+ Kf7 61. Kd6 Ke8 62. Bd2 Bb7 63. Bxf4 Bc8 64. Bd2 Kf7 65. f4 Ke8 66. Bc3  Kf7 67. Bb4 Ke8 68. Kc6 Kf7 69. Kb6 Ke6 70. Ka7 Kd7 71. Kb8 Ba6 72. Bd2 Ke6 73.  c8=Q+ Bxc8 74. Kxc8 Kf5 75. Kd7 Kg4 76. Ke6 Kxh4 77. f5 1-0

[Event "URS-ch sf"]
[Site "Daugavpils"]
[Date "1978.??.??"]
[Round "?"]
[White "Fokin, Sergey"]
[Black "Peresipkin, Vladimir"]
[Result "1/2-1/2"]
[WhiteElo "2200"]
[BlackElo "2420"]

1. d4 Nf6 2. c4 e6 3. Nf3 Bb4+ 4. Bd2 Bxd2+ 5. Qxd2 O-O 6. Nc3 d5 7. e3 c6 8.  cxd5 exd5 9. Bd3 Bg4 10. Ne5 Nbd7 11. Nxd7 Qxd7 12. O-O Rfe8 13. b4 a6 14. a4  Bf5 15. b5 Bxd3 16. Qxd3 axb5 17. axb5 Rxa1 18. Rxa1 Ne4 19. bxc6 bxc6 20. Nxe4  dxe4 21. Qc3 h6 22. Ra6 Re6 23. Qc5 Kh7 24. g3 Qd5 25. Qxd5 cxd5 26. Rxe6 fxe6  27. Kg2 Kg6 28. f3 exf3+ 29. Kxf3 Kf5 30. g4+ Kf6 1/2-1/2

[Event "URS-ch sf"]
[Site "Daugavpils"]
[Date "1978.??.??"]
[Round "?"]
[White "Fokin, Sergey"]
[Black "Vorotnikov, Vladislav V"]
[Result "0-1"]
[WhiteElo "2200"]
[BlackElo "2410"]

1. d4 d5 2. Nf3 c6 3. c4 e6 4. Nbd2 f5 5. g3 Nd7 6. Bg2 Bd6 7. O-O Qf6 8. b3  Nh6 9. Bb2 Ng4 10. Re1 O-O 11. e3 Qh6 12. Nf1 Bb4 13. Re2 Qh5 14. Ne1 Ndf6 15.  Nd3 Bd6 16. f3 Nh6 17. Nf2 Bd7 18. Qd3 Be8 19. Rae1 Bg6 20. Qd2 Nf7 21. Nd3 Ng5  22. Rf2 Rae8 23. Nf4 Qh6 24. Bc3 Bh5 25. Qb2 Nf7 26. Nd2 e5 27. dxe5 Nxe5 28.  Bf1 Bf7 29. c5 Bc7 30. Bd4 Nh5 31. Nd3 Nxd3 32. Bxd3 f4 33. Nf1 fxg3 34. hxg3  Bg6 35. Bxg6 Qxg6 36. Qb1 Qxb1 37. Rxb1 Nxg3 38. Nxg3 Bxg3 39. Rff1 Be5 40.  Bxe5 Rxe5 41. Kf2 Rfe8 42. Rbe1 d4 43. exd4 Rxe1 44. Rxe1 Rxe1 45. Kxe1 Kf7 46.  Ke2 Ke6 47. Ke3 Kd5 48. b4 g5 0-1

[Event "URS-ch sf"]
[Site "Daugavpils"]
[Date "1978.??.??"]
[Round "?"]
[White "Gavrikov, Viktor"]
[Black "Arbakov, Valentin"]
[Result "0-1"]
[WhiteElo "2200"]
[BlackElo "2200"]

1. e4 g6 2. d4 Bg7 3. Nf3 d6 4. Be2 Nf6 5. Nc3 O-O 6. O-O Bg4 7. Be3 Nc6 8. d5  Bxf3 9. Bxf3 Ne5 10. Be2 c6 11. a4 Qc8 12. a5 cxd5 13. exd5 Qf5 14. Ra4 Rfc8  15. h3 Qd7 16. Rb4 Qc7 17. Qa1 a6 18. Qa2 Ned7 19. Re1 h6 20. Bf1 Kh7 21. Bd2  Ng8 22. Ree4 Nc5 23. Re1 Rab8 24. Rc4 Qd8 25. b4 Nd7 26. Na4 Rxc4 27. Bxc4 Bd4  28. c3 Ba7 29. Be3 Bxe3 30. Rxe3 Ne5 31. Bb3 g5 32. Qd2 Nf6 33. Qd4 Qg8 34.  Bc2+ Kh8 35. Nb6 Qg7 36. Bf5 Re8 37. Bc8 Rg8 38. Kf1 Qg6 39. Bxb7 g4 40. h4 g3  41. f3 Qc2 42. Re2 Qf5 43. Ke1 Nxf3+ 44. gxf3 g2 45. Qg1 Qxf3 46. Re3 Qf4 47.  Bc8 Ne4 48. Ke2 Ng3+ 49. Kd1 Qf1+ 50. Re1 Qd3+ 51. Kc1 Ne2+ 52. Rxe2 Qxe2 53.  Bh3 Rg3 54. Qd4+ f6 0-1

[Event "URS-ch sf"]
[Site "Daugavpils"]
[Date "1978.??.??"]
[Round "?"]
[White "Gavrikov, Viktor"]
[Black "Butnorius, Algimantas"]
[Result "1/2-1/2"]
[WhiteElo "2200"]
[BlackElo "2350"]

1. Nf3 d5 2. d4 Nf6 3. c4 e6 4. Nc3 c5 5. cxd5 Nxd5 6. e4 Nxc3 7. bxc3 cxd4 8.  cxd4 Bb4+ 9. Bd2 Bxd2+ 10. Qxd2 O-O 11. Bc4 Nc6 12. O-O b6 13. Rad1 Bb7 14.  Rfe1 Ne7 15. h4 Rc8 16. Bb3 h6 17. Qf4 Ng6 18. Qg4 Qf6 19. h5 Ne7 20. Ne5 Rc7  21. Qg3 Rfc8 22. Ng4 Qg5 23. f4 Rc3 24. Qxc3 Qxg4 25. Qf3 Qh4 26. g3 Qh3 27.  Rd3 a5 28. a4 Kf8 29. g4 Qxf3 30. Rxf3 Rd8 31. Rd3 Nc6 32. d5 Nb4 33. Rd2 exd5  34. exd5 Bc8 35. f5 Rd6 36. Bc4 Bd7 37. Bb5 Bxb5 38. axb5 Rxd5 39. Rde2 Rd8 40.  Re7 Nc2 41. R1e4 Nd4 42. Rb7 Nxb5 43. Rxb6 Nc3 44. Rc4 Nd5 45. Rb5 Nf6 46. Rxa5  Nh7 47. Kf2 Re8 48. Rca4 Nf6 49. Kf3 Nh7 50. Ra8 Rxa8 51. Rxa8+ Ke7 52. Kf4 f6  53. Ra7+ Kf8 54. Ke4 Ng5+ 55. Kd5 Nh7 56. Kd6 Ng5 57. Kd7 Nh7 58. Ra6 Ng5 59.  Re6 Nh7 60. Re8+ Kf7 61. Re7+ Kf8 1/2-1/2

[Event "URS-ch sf"]
[Site "Daugavpils"]
[Date "1978.??.??"]
[Round "?"]
[White "Gavrikov, Viktor"]
[Black "Fokin, Sergey"]
[Result "1/2-1/2"]
[WhiteElo "2200"]
[BlackElo "2200"]

1. e4 e5 2. Nf3 d6 3. d4 exd4 4. Nxd4 Nf6 5. Nc3 Be7 6. Bf4 O-O 7. Qd2 Nc6 8.  O-O-O Nxd4 9. Qxd4 Be6 10. Kb1 Nd7 11. Nd5 Bxd5 12. exd5 Bg5 13. Bg3 Bf6 14.  Qd2 Nc5 15. Bd3 Na4 16. c3 b5 17. Qc2 h6 18. f4 Rb8 19. Be1 Nc5 20. g4 Nxd3 21.  Qxd3 Qd7 22. Rg1 c5 23. dxc6 Qxc6 24. h4 Bd8 25. g5 h5 26. Qd5 Qxd5 27. Rxd5  Re8 28. Bd2 Re6 29. Re1 Bc7 30. f5 Rxe1+ 31. Bxe1 Kf8 32. Bf2 a6 33. Kc2 Ke7  34. Kd3 g6 35. b3 Kd7 36. Bg3 Re8 37. c4 bxc4+ 38. bxc4 Kc6 39. Rd4 Re7 40. Rd5  Re8 41. Rd4 Re7 42. Rf4 Bb6 43. Bf2 Bxf2 44. Rxf2 Re1 45. fxg6 fxg6 46. Rf6 Rh1  47. Rxg6 Rxh4 48. Rh6 a5 49. g6 Rg4 50. Rxh5 Rxg6 51. Rxa5 Rg3+ 52. Kd4 Rg4+  53. Kc3 Rg8 1/2-1/2

[Event "URS-ch sf"]
[Site "Daugavpils"]
[Date "1978.??.??"]
[Round "?"]
[White "Gavrikov, Viktor"]
[Black "Katalymov, Boris N"]
[Result "1-0"]
[WhiteElo "2200"]
[BlackElo "2200"]

1. Nf3 g6 2. c4 c5 3. d4 Bg7 4. e4 Nc6 5. dxc5 Qa5+ 6. Nfd2 Qxc5 7. Nb3 Qe5 8.  Nc3 d6 9. Be3 Nf6 10. f3 O-O 11. Be2 Ne8 12. Qd2 f5 13. exf5 gxf5 14. f4 Qf6  15. O-O Be6 16. Rab1 Qf7 17. Nd5 Nf6 18. Rfd1 Rac8 19. Bf3 Kh8 20. Qd3 Ne4 21.  Nd2 Bxd5 22. Qxd5 e6 23. Qd3 d5 24. cxd5 exd5 25. Nb3 d4 26. Bxd4 Nxd4 27. Nxd4  Rcd8 28. Qe3 Rfe8 29. Nxf5 Nd2 30. Rxd2 Qxf5 31. Re1 Qb5 32. Bxb7 Bxb2 33. Be4  Qb4 34. Rxd8 Rxd8 35. Kh1 Re8 36. Re2 Bd4 37. Qd3 Bb6 38. g3 Qc5 39. Kg2 Re6  40. Qd1 Rd6 41. Qa1+ Kg8 1-0

[Event "URS-ch sf"]
[Site "Daugavpils"]
[Date "1978.??.??"]
[Round "?"]
[White "Gavrikov, Viktor"]
[Black "Rytov, Boris"]
[Result "1/2-1/2"]
[WhiteElo "2200"]
[BlackElo "2200"]

1. e4 c6 2. d4 d5 3. exd5 cxd5 4. c4 Nf6 5. Nc3 g6 6. cxd5 Nxd5 7. Bc4 Nb6 8.  Bb3 Bg7 9. Nf3 O-O 10. O-O Nc6 11. d5 Na5 12. Re1 Nxb3 13. axb3 Re8 14. Bg5 Bg4  15. h3 Bxc3 16. bxc3 Bxf3 17. Qxf3 Qxd5 18. Qxd5 Nxd5 19. c4 f6 20. cxd5 fxg5  21. Rac1 a5 22. Rc7 b5 23. Rb7 1/2-1/2

[Event "URS-ch sf"]
[Site "Daugavpils"]
[Date "1978.??.??"]
[Round "?"]
[White "Gedevanishvili, Dmitry"]
[Black "Kim, V."]
[Result "0-1"]
[WhiteElo "2200"]
[BlackElo "2200"]

1. e4 c5 2. Nf3 Nc6 3. d4 cxd4 4. Nxd4 Nf6 5. Nc3 e5 6. Ndb5 d6 7. Nd5 Nxd5 8.  exd5 Nb8 9. c4 Nd7 10. Bd3 Be7 11. O-O O-O 12. Be3 a6 13. Nc3 f5 14. f3 Bg5 15.  Qc1 Bxe3+ 16. Qxe3 a5 17. Bc2 Nc5 18. b3 Bd7 19. a3 Qc7 20. Rfc1 g6 21. Rab1  Na6 22. Bd3 Nc5 23. Bc2 Na6 24. Bd3 Nc5 25. Bf1 f4 26. Qf2 Bf5 27. Rb2 b6 28.  Rd1 Qe7 29. b4 axb4 30. axb4 Nd7 31. Ra2 Rxa2 32. Qxa2 g5 33. Bd3 Bxd3 34. Rxd3  g4 35. Qe2 g3 36. hxg3 fxg3 37. Rd4 Nf6 38. Rh4 Kh8 39. Rh3 Rg8 40. Qe1 Qc7 41.  Rh4 Qg7 42. Qc1 Ra8 43. Ne2 Ra2 44. Nc3 Qg5 45. Rxh7+ Kxh7 46. Nxa2 Qh4 47. Qe3  Qxc4 48. Nc3 Qxb4 49. Kf1 Kg6 50. Qd3+ Kf7 51. Ne2 e4 52. fxe4 Qxe4 53. Qxg3  Qxd5 54. Nc3 Qc4+ 55. Kg1 d5 56. Qf3 b5 57. Ne2 b4 58. Qe3 Qe4 59. Qd2 b3 60.  Nc3 Qb4 61. Nb1 Qxd2 62. Nxd2 b2 0-1

[Event "URS-ch sf"]
[Site "Daugavpils"]
[Date "1978.??.??"]
[Round "?"]
[White "Gedevanishvili, Dmitry"]
[Black "Lukin, Andrei M"]
[Result "1-0"]
[WhiteElo "2200"]
[BlackElo "2460"]

1. e4 c5 2. Nf3 d6 3. d4 cxd4 4. Nxd4 Nf6 5. Nc3 Nc6 6. Be2 e5 7. Nb3 Be7 8.  O-O O-O 9. Kh1 a5 10. a4 Nb4 11. f4 d5 12. fxe5 Nxe4 13. Bf4 Bf5 14. Nd4 Bg6  15. Ncb5 Bg5 16. Qc1 Qe7 17. c3 Nc6 18. Nf3 Bxf4 19. Qxf4 Rae8 20. Rad1 Nxe5  21. Rxd5 Nxf3 22. Bxf3 Nf2+ 23. Kg1 Nd3 24. Qd2 Ne5 25. Nd6 Nxf3+ 26. Rxf3 Rd8  27. Re3 Qc7 28. Qd4 Rd7 29. Ne8 1-0

[Event "URS-ch sf"]
[Site "Daugavpils"]
[Date "1978.??.??"]
[Round "?"]
[White "Gedevanishvili, Dmitry"]
[Black "Petrosian, Arshak B"]
[Result "1/2-1/2"]
[WhiteElo "2200"]
[BlackElo "2415"]

1. e4 e5 2. Nf3 Nc6 3. Bb5 a6 4. Ba4 Nf6 5. O-O Be7 6. Bxc6 dxc6 7. d3 Qd6 8.  Nbd2 b5 9. d4 Nd7 10. Nb3 exd4 11. Nfxd4 c5 12. Nf5 Qxd1 13. Rxd1 Bf6 14. a4 g6  15. Ne3 Bb7 16. f3 c4 17. Na5 O-O-O 18. Nxb7 Kxb7 19. Ng4 Bg7 20. axb5 axb5 21.  Bg5 f6 22. Be3 Nb6 23. Bxb6 Kxb6 24. Ne3 f5 25. Nd5+ Kb7 26. exf5 gxf5 27. c3  Rhe8 28. Kf1 c6 29. Nb4 Bf8 30. Ra7+ Kb6 31. Rda1 Bxb4 32. cxb4 Rd1+ 33. Rxd1  Kxa7 34. Rd7+ Kb6 35. Rxh7 Re3 36. Rd7 Rb3 37. Rd2 Rxb4 38. g4 fxg4 39. fxg4 c3  40. bxc3 Rxg4 41. Ke2 1/2-1/2

[Event "URS-ch sf"]
[Site "Daugavpils"]
[Date "1978.??.??"]
[Round "?"]
[White "Gedevanishvili, Dmitry"]
[Black "Suetin, Alexey S"]
[Result "0-1"]
[WhiteElo "2200"]
[BlackElo "2535"]

1. e4 c5 2. Nf3 Nc6 3. d4 cxd4 4. Nxd4 Nf6 5. Nc3 d6 6. Be2 e5 7. Nb3 Be7 8.  O-O O-O 9. Kh1 a5 10. a4 Nb4 11. Nd2 Be6 12. Nb5 Rc8 13. c3 Na6 14. b3 Nc5 15.  Qc2 d5 16. exd5 Bxd5 17. Bc4 Qd7 18. Bxd5 Qxd5 19. Ba3 Rfe8 20. Rad1 Qe6 21.  Bxc5 Rxc5 22. Nc4 b6 23. Nbd6 Rb8 24. Rfe1 Ne8 25. Nb5 Rd8 26. Qe4 Rxd1 27.  Rxd1 Nf6 28. Qa8+ Rc8 29. Qb7 Ng4 30. Rf1 Bc5 31. Nbd6 Rd8 32. Ne4 Nxf2+ 33.  Nxf2 Bxf2 34. Qc7 Rc8 35. Rd1 h6 36. Qb7 Re8 37. Qe4 f5 38. Qb7 Bc5 39. Rd7 Qf6  40. Qd5+ Kh7 41. Rf7 Rd8 42. Rd7 0-1

[Event "URS-ch sf"]
[Site "Daugavpils"]
[Date "1978.??.??"]
[Round "?"]
[White "Gedevanishvili, Dmitry"]
[Black "Yurtaev, Leonid"]
[Result "1/2-1/2"]
[WhiteElo "2200"]
[BlackElo "2200"]

1. e4 c5 2. Nf3 Nc6 3. d4 cxd4 4. Nxd4 Nf6 5. Nc3 e5 6. Ndb5 d6 7. Nd5 Nxd5 8.  exd5 Nb8 9. c4 Be7 10. Bd3 O-O 11. O-O a6 12. Nc3 Nd7 13. Qc2 g6 14. Bh6 Re8  15. Kh1 f5 16. f3 Bg5 17. Bxg5 Qxg5 18. b4 Nf6 19. c5 Bd7 20. Rac1 Rec8 21. Na4  Bxa4 22. Qxa4 Nh5 23. Rfd1 Qh4 24. Rc4 e4 25. Qd7 b5 26. cxb6 Rxc4 27. b7 Rd8  28. Qe6+ Kg7 29. Bxc4 exf3 30. gxf3 Qxc4 31. Qe7+ Kh6 32. Qxd8 Qe2 33. Qf8+ Kg5  34. Qd8+ Kh6 1/2-1/2